Asian Countries By Last Two Letters - Statistics

General Stats
  • This quiz has been taken 223 times
    186 since last reset
  • The average score is 43 of 49
Answers on the Map
Answers color-coded by a green-red scale on the quiz's map according to % correct below.
 
Answer Stats
Answer % Correct
Azerbaijan
99%
Bhutan
99%
Kazakhstan
99%
Kyrgyzstan
99%
Pakistan
99%
Taiwan
99%
Tajikistan
99%
Turkmenistan
99%
Uzbekistan
99%
Afghanistan
98%
Iran
98%
Japan
98%
Jordan
98%
Oman
98%
China
96%
Armenia
95%
Cambodia
95%
Georgia
95%
India
95%
Indonesia
95%
Malaysia
95%
Mongolia
95%
Saudi Arabia
95%
Syria
95%
United Arab Emirates
92%
Turkey
90%
Maldives
88%
Philippines
88%
Yemen
88%
Papua New Guinea
86%
Iraq
85%
North Korea
85%
South Korea
85%
Israel
83%
Nepal
83%
Myanmar
82%
Qatar
82%
Laos
80%
Thailand
79%
Vietnam
77%
Bangladesh
75%
Sri Lanka
75%
Kuwait
73%
Lebanon
71%
Bahrain
70%
Cyprus
70%
Singapore
62%
Brunei
52%
East Timor
51%
No matching quizzes found
Score Distribution
Percent of People with Each Score
Percentile by Number Answered
Your Score History
You have not taken this quiz since the last reset